[Event "3rd Memorial Warakomska 2019"]
[Site "Suwalki"]
[Date "2019.08.09"]
[Round "6.3"]
[White "Harsha Bharathakoti"]
[Black "Goluch, Piotr"]
[Result "1-0"]
[WhiteElo "2486"]
[BlackElo "2386"]
[Annotator "ChessBase"]
[PlyCount "45"]
[EventDate "2019.08.05"]
[EventType "swiss"]
[EventCountry "POL"]
[SourceTitle "playchess.com"]
[Source "ChessBase"]
[SourceQuality "1"]
[TimeControl "40/5400+30:1800+30"]

1. e4 {[%emt 0:03:21]} c6 {[%emt 0:00:00]} 2. Nc3 {[%emt 0:00:21]} d5 {[%emt 0:00:00]} 3. Nf3 {[%emt 0:00:05]} Bg4 {[%emt 0:01:19]} 4. Be2 {[%emt 0:01:27]} e6 {[%emt 0:02:56]} 5. d4 {[%emt 0:00:19]} Nf6 {[%emt 0:00:59]} 6. h3 {[%emt 0:00:06]} Bh5 {[%emt 0:04:47]} 7. e5 {[%emt 0:00:15]} Nfd7 {[%emt 0:03:40]} 8. g4 {[%emt 0:00:05]} Bg6 {[%emt 0:00:04]} 9. h4 {[%emt 0:00:04]} h5 {[%emt 0:10:57]} 10. gxh5 {[%emt 0:00:39]} Bxh5 {[%emt 0:00:04]} 11. Ng5 {[%emt 0:00:18]} Bxe2 {[%emt 0:08:25]} 12. Qxe2 {[%emt 0:00:18]} Be7 {[%emt 0:13:13]} 13. Qf3 {[%emt 0:03:10]} Bxg5 {[%emt 0:00:05]} 14. Bxg5 {[%emt 0:00:50]} Qb6 {[%emt 0:01:26]} 15. O-O-O {[%emt 0:02:52]} Na6 {[%emt 0:06:04]} 16. h5 {[%emt 0:29:53]} c5 {[%emt 0:04:52]} 17. Be3 {[%emt 0:06:03]} Qc6 {[%emt 0:10:21]} 18. Rdg1 {[%emt 0:13:39]} Rh7 {[%emt 0:03:26]} 19. Rh4 {[%emt 0:00:46]} cxd4 {[%emt 0:06:42]} 20. Bxd4 {[%emt 0:02:27]} Ke7 {[%emt 0:00:04]} 21. Rf4 {[%emt 0:08:27]} Rf8 {[%emt 0:00:10]} 22. Rg5 {[%emt 0:00:54]} b6 {[%emt 0:04:00]} 23. Qd3 {[%emt 0:00:23]} 1-0

[Event "3rd Memorial Warakomska 2019"]
[Site "Suwalki"]
[Date "2019.08.09"]
[Round "6.4"]
[White "Tomczak, Jacek"]
[Black "Galperin, Platon"]
[Result "1-0"]
[WhiteElo "2623"]
[BlackElo "2445"]
[Annotator "TA"]
[PlyCount "81"]
[EventDate "2019.08.05"]
[EventType "swiss"]
[EventCountry "POL"]
[SourceTitle "playchess.com"]
[Source "ChessBase"]
[SourceQuality "1"]

{[%evp 9,81,0,9,0,18,4,16,6,116,94,172,186,165,182,175,174,177,140,186,179,178,190,181,181,170,179,272,259,277,171,179,182,168,183,214,124,206,252,230,233,206,0,168,0,193,195,383,377,764,712,585,0,217,209,212,132,291,0,0,-143,233,212,303,192,191,177,704,658,839,794,826,787,2539,943]} 1. e4 e5 2. Nc3 Nf6 3. g3 c6 4. d4 Bb4 (4... exd4 5. Qxd4 d5 6. Nf3 Nbd7 7. exd5 Bc5 8. Qd3 O-O 9. dxc6 Qb6 10. Be3 Bxe3 11. fxe3 bxc6 12. O-O-O {0-1 (31) Lu,S (2615)-Bu,X (2710) Taizhou 2015}) 5. dxe5 Nxe4 $1 6. Qd4 {[%mdl 64] Double Attack. C26: Vienna Game: 2...Nf6, sidelines} Qa5 {[%cal Re4c3]} 7. Nge2 (7. Qxe4 Bxc3+ 8. Kd1 Qxe5 $17) 7... f5 8. Be3 $146 {The position is equal.} ({Predecessor:} 8. exf6 Nxf6 9. a3 Be7 10. g4 O-O 11. g5 Ne8 12. Nf4 {½-½ (34) Eminov,O (2265)-Haznedaroglu,K (2437) Manavgat 2015}) 8... b6 (8... Na6 $11) 9. O-O-O $1 $16 Bc5 10. Nxe4 Bxd4 11. Nd6+ Kf8 12. Nxd4 Ba6 (12... Qxe5 $2 13. Bf4 $18 (13. Nxc8 Qc7 $14)) (12... Qxa2 $6 13. Nxc8 Qa1+ 14. Kd2 $16) 13. Bg2 $1 Qxa2 14. Nb3 Be2 15. Rde1 $1 {[%mdl 1024] White has strong compensation.} Bh5 {aiming for ...Bf7.} 16. Kd2 $1 {Ra1 is the strong threat.} Qa4 17. Ra1 $1 {[%cal Ra1a4]} Qb4+ (17... Qg4 $142) 18. Kc1 $18 {And now f4 would win.} a5 {[%cal Ba7a5,Ba5a4,Ba4b3][%mdl 32]} 19. f4 {Threatens to win with Bd2.} a4 {Black wants to play ...Ra6.} 20. Bd2 axb3 {[%cal Ra8a1]} 21. Rxa8 (21. Bxb4 Rxa1+ 22. Kd2 Rxh1 $17) 21... Qc5 {[%csl Gb3][%cal Rc5c2]} 22. c4 (22. Rxb8+ $18 Ke7 23. Nxf5+ {[%mdl 64] Double Attack} Kf7 24. e6+ $1 {[%mdl 512]} Kxe6 25. Nd4+ $1 {[%mdl 512]} Qxd4 26. Re1+ Kf7 27. Rxh8) 22... Ke7 (22... g6 $16 {keeps fighting.}) 23. Nxf5+ Kf7 24. Nd6+ Ke7 25. Nf5+ Kf7 26. Nd6+ Ke7 27. f5 {Intending Bg5+ and mate.} h6 $2 (27... Qxe5 28. Re1 Qxe1+ 29. Bxe1 Kxd6) 28. Re1 Rd8 $2 (28... Qf2) 29. Be3 Qb4 30. Bd2 $2 (30. Bf2 $1) 30... Qc5 31. Bf1 Qf2 32. Bd3 $36 {[%mdl 2048] Black must now prevent f6+! Black is under strong pressure.} Kf8 $2 (32... Bg4 $16) 33. f6 $2 (33. e6 $1 $18 {[%cal Re6e7] e7+ would kill now.} dxe6 34. fxe6 Rxd6 35. e7+ Ke8 36. Rxb8+ Kd7 37. Rf8 Qxe1+ {[%mdl 64] Remove Defender} 38. Bxe1 Kxe7 39. Rf5) 33... gxf6 $11 34. Ne4 {[#]} (34. exf6 $11 Qd4 35. Rd1 (35. Bxh6+ Kg8 $11)) 34... Qf3 $2 {[%mdl 8192]} (34... Qd4 $1 $17 {[%cal Rd4d3] stays on course.} 35. Bf1 (35. Bxh6+ Kf7 $17) 35... Bg6 36. Nxf6 Qf2) 35. Bxh6+ $18 Kf7 (35... Kg8 $142 36. Nxf6+ Kf7) 36. Kd2 Qg2+ 37. Kc3 Qxh2 $2 (37... f5) 38. Rf1 {White is clearly winning.} Kg8 39. Nxf6+ Kh8 40. Raa1 {Hoping for Rh1!} d5 {[#]} 41. Ra7 {Accuracy: White = 79%, Black = 37%.} (41. Rh1 $142 $1 {[%mdl 512]} Qxh1 42. Rxh1) 1-0

[Event "3rd Memorial Warakomska 2019"]
[Site "Suwalki"]
[Date "2019.08.09"]
[Round "6.5"]
[White "Dhulipalla Bala Chandra Prasad"]
[Black "Nasuta, Grzegorz"]
[Result "0-1"]
[WhiteElo "2419"]
[BlackElo "2529"]
[Annotator "ChessBase"]
[PlyCount "90"]
[EventDate "2019.08.05"]
[EventType "swiss"]
[EventCountry "POL"]
[SourceTitle "playchess.com"]
[Source "ChessBase"]
[SourceQuality "1"]
[TimeControl "40/5400+30:1800+30"]

1. d4 {[%emt 0:00:00]} e6 {[%emt 0:00:00]} 2. c4 {[%emt 0:01:21]} b6 {[%emt 0:00:00]} 3. e4 {[%emt 0:03:10]} Bb7 {[%emt 0:00:12]} 4. Bd3 {[%emt 0:00:10]} Nc6 {[%emt 0:00:25]} 5. Nf3 {[%emt 0:03:00]} Nb4 {[%emt 0:00:12]} 6. O-O {[%emt 0:02:21]} Ne7 {[%emt 0:00:31]} 7. d5 {[%emt 0:06:20]} Nxd3 {[%emt 0:08:03]} 8. Qxd3 {[%emt 0:00:19]} Ng6 {[%emt 0:00:05]} 9. e5 {[%emt 0:06:20]} Be7 {[%emt 0:05:18]} 10. Nc3 {[%emt 0:03:09]} O-O {[%emt 0:01:47]} 11. Re1 {[%emt 0:08:13]} d6 {[%emt 0:10:33]} 12. exd6 {[%emt 0:06:31]} Bxd6 {[%emt 0:16:02]} 13. Be3 {[%emt 0:08:35]} exd5 {[%emt 0:04:11]} 14. cxd5 {[%emt 0:01:35]} Qd7 {[%emt 0:08:46]} 15. Rad1 {[%emt 0:04:20]} Rad8 {[%emt 0:03:54]} 16. a3 {[%emt 0:06:13]} h6 {[%emt 0:05:30]} 17. Qc4 {[%emt 0:12:00]} Rfe8 {[%emt 0:11:00]} 18. h3 {[%emt 0:00:15]} a6 {[%emt 0:02:31]} 19. Kh1 {[%emt 0:05:43]} Qf5 {[%emt 0:02:32]} 20. Nd4 {[%emt 0:04:29]} Qh5 {[%emt 0:02:35]} 21. Nc6 {[%emt 0:02:09]} Ne5 {[%emt 0:07:12]} 22. Nxe5 {[%emt 0:03:22]} Qxe5 {[%emt 0:00:06]} 23. g3 {[%emt 0:00:10]} Qf5 {[%emt 0:03:18]} 24. Kg2 {[%emt 0:05:35]} Bc8 {[%emt 0:02:27]} 25. Rh1 {[%emt 0:00:02]} Re7 {[%emt 0:01:11]} 26. Qd3 {[%emt 0:02:36]} Qh5 {[%emt 0:01:09]} 27. Qe2 {[%emt 0:03:02]} Qg6 {[%emt 0:00:34]} 28. Qd3 {[%emt 0:00:43]} Bf5 {[%emt 0:00:18]} 29. Qd2 {[%emt 0:00:05]} Be5 {[%emt 0:01:47]} 30. Bf4 {[%emt 0:01:00]} Bxc3 {[%emt 0:00:59]} 31. Qxc3 {[%emt 0:00:15]} Be4+ {[%emt 0:01:01]} 32. f3 {[%emt 0:00:05]} Bxd5 {[%emt 0:00:02]} 33. Rhe1 {[%emt 0:01:06]} Red7 {[%emt 0:00:21]} 34. Rd3 {[%emt 0:00:53]} c5 {[%emt 0:01:18]} 35. g4 {[%emt 0:01:25]} Bc6 {[%emt 0:01:02]} 36. Rde3 {[%emt 0:00:38]} Rd2+ {[%emt 0:00:33]} 37. Kg3 {[%emt 0:00:07]} Rc2 {[%emt 0:00:21]} 38. Qb3 {[%emt 0:00:08]} Rdd2 {[%emt 0:00:17]} 39. Re8+ {[%emt 0:00:50]} Bxe8 {[%emt 0:00:12]} 40. Rxe8+ {[%emt 0:00:00]} Kh7 {[%emt 0:00:00]} 41. Bxd2 {[%emt 0:01:32]} Rxd2 {[%emt 0:01:53]} 42. Re3 {[%emt 0:03:05]} Qd6+ {[%emt 0:16:49]} 43. f4 {[%emt 0:00:29]} Qd4 {[%emt 0:00:04]} 44. Kf3 {[%emt 0:07:36]} c4 {[%emt 0:01:37]} 45. Qc3 {[%emt 0:00:09]} Qd5+ {[%emt 0:00:04]} 0-1

[Event "3rd Memorial Warakomska 2019"]
[Site "Suwalki"]
[Date "2019.08.09"]
[Round "6.6"]
[White "Hnydiuk, Aleksander"]
[Black "Shyam, Sundar M."]
[Result "1-0"]
[WhiteElo "2412"]
[BlackElo "2520"]
[Annotator "ChessBase"]
[PlyCount "79"]
[EventDate "2019.08.05"]
[EventType "swiss"]
[EventCountry "POL"]
[SourceTitle "playchess.com"]
[Source "ChessBase"]
[SourceQuality "1"]
[TimeControl "40/5400+30:1800+30"]

1. Nf3 {[%emt 0:03:41]} g6 {[%emt 0:00:26]} 2. c4 {[%emt 0:00:06]} Bg7 {[%emt 0:00:17]} 3. d4 {[%emt 0:00:05]} Nf6 {[%emt 0:00:55]} 4. g3 {[%emt 0:00:09]} O-O {[%emt 0:02:59]} 5. Bg2 {[%emt 0:00:03]} d6 {[%emt 0:00:03]} 6. Nc3 {[%emt 0:00:05]} Nbd7 {[%emt 0:00:03]} 7. O-O {[%emt 0:00:07]} e5 {[%emt 0:00:02]} 8. e4 {[%emt 0:00:09]} c6 {[%emt 0:00:04]} 9. h3 {[%emt 0:00:29]} Qb6 {[%emt 0:00:06]} 10. Re1 {[%emt 0:00:32]} exd4 {[%emt 0:00:05]} 11. Nxd4 {[%emt 0:00:03]} Re8 {[%emt 0:00:03]} 12. Nb3 {[%emt 0:12:16]} Ne5 {[%emt 0:02:25]} 13. Bf1 {[%emt 0:10:45]} Be6 {[%emt 0:00:54]} 14. Be3 {[%emt 0:01:01]} c5 {[%emt 0:10:09]} 15. Nd2 {[%emt 0:09:00]} a6 {[%emt 0:36:50]} 16. Rb1 {[%emt 0:04:50]} Qa5 {[%emt 0:02:48]} 17. a3 {[%emt 0:03:18]} Rac8 {[%emt 0:02:03]} 18. b4 {[%emt 0:15:00]} cxb4 {[%emt 0:01:29]} 19. axb4 {[%emt 0:00:06]} Qd8 {[%emt 0:00:28]} 20. Nd5 {[%emt 0:01:04]} Nfd7 {[%emt 0:00:51]} 21. f4 {[%emt 0:17:17]} Nc6 {[%emt 0:00:27]} 22. Nf3 {[%emt 0:00:58]} a5 {[%emt 0:11:43]} 23. bxa5 {[%emt 0:03:16]} Nxa5 {[%emt 0:00:27]} 24. Nb6 {[%emt 0:07:36]} Rc6 {[%emt 0:00:04]} 25. Nxd7 {[%emt 0:01:24]} Qxd7 {[%emt 0:00:28]} 26. Nd4 {[%emt 0:01:30]} Bxd4 {[%emt 0:00:56]} 27. Bxd4 {[%emt 0:00:17]} Bxh3 {[%emt 0:00:54]} 28. Bc3 {[%emt 0:00:50]} Nxc4 {[%emt 0:03:20]} 29. Qd4 {[%emt 0:01:04]} Ne5 {[%emt 0:00:19]} 30. fxe5 {[%emt 0:00:29]} Rxe5 {[%emt 0:01:03]} 31. Bb5 {[%emt 0:03:26]} Qg4 {[%emt 0:01:47]} 32. Re3 {[%emt 0:00:26]} Rc8 {[%emt 0:03:56]} 33. Be2 {[%emt 0:02:00]} Qg5 {[%emt 0:01:48]} 34. Rb6 {[%emt 0:02:22]} Bf5 {[%emt 0:05:09]} 35. Rxd6 {[%emt 0:00:47]} Bxe4 {[%emt 0:00:01]} 36. Kf2 {[%emt 0:00:54]} Rce8 {[%emt 0:01:40]} 37. Rxe4 {[%emt 0:00:24]} Qf5+ {[%emt 0:00:20]} 38. Bf3 {[%emt 0:00:06]} f6 {[%emt 0:00:14]} 39. Rxe5 {[%emt 0:00:11]} fxe5 {[%emt 0:00:09]} 40. Qd5+ {[%emt 0:00:00]} 1-0

[Event "3rd Memorial Warakomska 2019"]
[Site "Suwalki"]
[Date "2019.08.09"]
[Round "6.7"]
[White "Greenfeld, Alon"]
[Black "Kosakowski, Jakub"]
[Result "1-0"]
[WhiteElo "2522"]
[BlackElo "2394"]
[Annotator "ChessBase"]
[PlyCount "79"]
[EventDate "2019.08.05"]
[EventType "swiss"]
[EventCountry "POL"]
[SourceTitle "playchess.com"]
[Source "ChessBase"]
[SourceQuality "1"]
[TimeControl "40/5400+30:1800+30"]

1. d4 {[%emt 0:02:09]} Nf6 {[%emt 0:00:00]} 2. c4 {[%emt 0:00:51]} g6 {[%emt 0:00:00]} 3. g3 {[%emt 0:00:35]} Bg7 {[%emt 0:00:15]} 4. Bg2 {[%emt 0:00:14]} d5 {[%emt 0:00:16]} 5. cxd5 {[%emt 0:01:42]} Nxd5 {[%emt 0:01:02]} 6. e4 {[%emt 0:00:38]} Nb6 {[%emt 0:00:24]} 7. Ne2 {[%emt 0:00:26]} c5 {[%emt 0:00:41]} 8. d5 {[%emt 0:01:04]} O-O {[%emt 0:01:54]} 9. O-O {[%emt 0:02:44]} e6 {[%emt 0:01:30]} 10. Nec3 {[%emt 0:01:36]} Na6 {[%emt 0:02:01]} 11. Bf4 {[%emt 0:04:24]} exd5 {[%emt 0:07:30]} 12. exd5 {[%emt 0:00:21]} Bf5 {[%emt 0:03:05]} 13. g4 {[%emt 0:01:18]} Bd7 {[%emt 0:04:29]} 14. Nd2 {[%emt 0:00:36]} Re8 {[%emt 0:18:20]} 15. Nde4 {[%emt 0:04:13]} Nc4 {[%emt 0:01:44]} 16. Bg5 {[%emt 0:02:46]} f6 {[%emt 0:04:58]} 17. Bh4 {[%emt 0:00:32]} g5 {[%emt 0:14:31]} 18. Bg3 {[%emt 0:04:19]} h5 {[%emt 0:00:12]} 19. d6 {[%emt 0:37:05]} h4 {[%emt 0:06:37]} 20. Nd5 {[%emt 0:01:50]} hxg3 {[%emt 0:05:43]} 21. fxg3 {[%emt 0:00:15]} Re6 {[%emt 0:10:34]} 22. Qb3 {[%emt 0:02:38]} b5 {[%emt 0:00:58]} 23. a4 {[%emt 0:07:06]} Rb8 {[%emt 0:02:57]} 24. axb5 {[%emt 0:00:33]} Nxd6 {[%emt 0:03:43]} 25. Rxa6 {[%emt 0:15:06]} Nxe4 {[%emt 0:03:10]} 26. Bxe4 {[%emt 0:00:37]} Rxa6 {[%emt 0:05:23]} 27. Ne7+ Kh8 28. Ng6+ {[%emt 0:03:49]} Kh7 {[%emt 0:00:01]} 29. Ne5+ {[%emt 0:00:30]} f5 {[%emt 0:00:36]} 30. Rxf5 {[%emt 0:00:10]} Rg6 {[%emt 0:01:51]} 31. Rf7 {[%emt 0:00:42]} Bf5 {[%emt 0:00:04]} 32. Rxg7+ {[%emt 0:01:41]} Rxg7 {[%emt 0:00:30]} 33. Bxf5+ {[%emt 0:00:08]} Kh8 {[%emt 0:00:01]} 34. Nc6 {[%emt 0:01:30]} Qd2 {[%emt 0:01:08]} 35. Qe6 {[%emt 0:00:22]} Qc1+ {[%emt 0:00:37]} 36. Kg2 {[%emt 0:00:09]} Qxb2+ {[%emt 0:00:33]} 37. Kh3 {[%emt 0:00:06]} Rbb7 {[%emt 0:00:40]} 38. Qc8+ {[%emt 0:00:59]} Rg8 {[%emt 0:00:14]} 39. Qxb7 {[%emt 0:00:07]} Qg7 {[%emt 0:00:21]} 40. Qxa7 {[%emt 0:00:00]} 1-0

[Event "3rd Memorial Warakomska 2019"]
[Site "Suwalki"]
[Date "2019.08.09"]
[Round "6.8"]
[White "Zakhartsov, Vladimir"]
[Black "Kaczmarek, Aleksander"]
[Result "1-0"]
[WhiteElo "2493"]
[BlackElo "2389"]
[Annotator "ChessBase"]
[PlyCount "61"]
[EventDate "2019.08.05"]
[EventType "swiss"]
[EventCountry "POL"]
[SourceTitle "playchess.com"]
[Source "ChessBase"]
[SourceQuality "1"]
[TimeControl "40/5400+30:1800+30"]

1. Nf3 {[%emt 0:00:00]} g6 {[%emt 0:00:58]} 2. d4 {[%emt 0:00:00]} Bg7 {[%emt 0:00:16]} 3. e4 {[%emt 0:00:11]} c6 {[%emt 0:01:05]} 4. Nc3 {[%emt 0:00:53]} d5 {[%emt 0:00:42]} 5. h3 {[%emt 0:00:25]} dxe4 {[%emt 0:03:19]} 6. Nxe4 {[%emt 0:00:04]} Nd7 {[%emt 0:00:06]} 7. Bc4 {[%emt 0:02:49]} Ngf6 {[%emt 0:00:22]} 8. Nxf6+ {[%emt 0:02:24]} Nxf6 {[%emt 0:00:09]} 9. c3 {[%emt 0:00:23]} O-O {[%emt 0:00:16]} 10. O-O {[%emt 0:01:37]} a5 {[%emt 0:00:08]} 11. a4 {[%emt 0:00:37]} b6 {[%emt 0:01:08]} 12. Ne5 {[%emt 0:02:20]} Bb7 {[%emt 0:01:02]} 13. Bf4 {[%emt 0:02:38]} Nd5 {[%emt 0:01:39]} 14. Bg3 {[%emt 0:00:17]} Rc8 {[%emt 0:01:10]} 15. Qb3 {[%emt 0:02:36]} e6 {[%emt 0:11:33]} 16. Rad1 {[%emt 0:00:15]} Ba8 {[%emt 0:03:17]} 17. Rfe1 {[%emt 0:01:19]} c5 {[%emt 0:13:37]} 18. Ba6 {[%emt 0:03:42]} Rb8 {[%emt 0:13:40]} 19. c4 {[%emt 0:01:02]} Nc7 {[%emt 0:01:01]} 20. dxc5 {[%emt 0:00:36]} bxc5 {[%emt 0:00:14]} 21. Bb5 {[%emt 0:00:15]} Qg5 {[%emt 0:02:24]} 22. h4 {[%emt 0:00:58]} Qh5 {[%emt 0:00:28]} 23. Nd7 {[%emt 0:00:14]} e5 {[%emt 0:01:29]} 24. Nxb8 {[%emt 0:04:27]} Rxb8 {[%emt 0:01:39]} 25. Qe3 {[%emt 0:00:22]} f5 {[%emt 0:22:46]} 26. Bxe5 {[%emt 0:02:02]} f4 {[%emt 0:01:23]} 27. Bxf4 {[%emt 0:02:01]} Bd4 {[%emt 0:00:34]} 28. Qe2 {[%emt 0:01:18]} Qxh4 {[%emt 0:00:28]} 29. Rxd4 {[%emt 0:00:39]} cxd4 {[%emt 0:01:01]} 30. Bxc7 {[%emt 0:00:08]} Rf8 {[%emt 0:00:29]} 31. Bg3 {[%emt 0:01:34]} 1-0

[Event "3rd Memorial Warakomska 2019"]
[Site "Suwalki"]
[Date "2019.08.09"]
[Round "6.9"]
[White "Caspi, Israel"]
[Black "Pavlov, Sergey"]
[Result "1-0"]
[WhiteElo "2458"]
[BlackElo "2486"]
[Annotator "ChessBase"]
[PlyCount "135"]
[EventDate "2019.08.05"]
[EventType "swiss"]
[EventCountry "POL"]
[SourceTitle "playchess.com"]
[Source "ChessBase"]
[SourceQuality "1"]
[TimeControl "40/5400+30:1800+30"]

1. e4 {[%emt 0:00:00]} e5 {[%emt 0:00:05]} 2. Nf3 {[%emt 0:00:00]} Nc6 {[%emt 0:00:16]} 3. d4 {[%emt 0:00:01]} exd4 {[%emt 0:00:20]} 4. Nxd4 {[%emt 0:00:03]} Bc5 {[%emt 0:00:27]} 5. Nb3 {[%emt 0:00:10]} Bb4+ {[%emt 0:00:46]} 6. c3 {[%emt 0:00:51]} Be7 {[%emt 0:00:19]} 7. Bf4 {[%emt 0:00:36]} d6 {[%emt 0:01:11]} 8. N1d2 {[%emt 0:01:19]} Bg5 {[%emt 0:02:18]} 9. Bxg5 {[%emt 0:06:51]} Qxg5 {[%emt 0:00:15]} 10. g3 {[%emt 0:00:08]} Bg4 {[%emt 0:07:36]} 11. Be2 {[%emt 0:14:09]} Nf6 {[%emt 0:10:21]} 12. f3 {[%emt 0:07:24]} Bh3 {[%emt 0:05:59]} 13. f4 {[%emt 0:09:23]} Qg6 {[%emt 0:01:47]} 14. Bf3 {[%emt 0:02:52]} d5 {[%emt 0:26:53]} 15. e5 {[%emt 0:05:55]} Ne4 {[%emt 0:02:51]} 16. Qe2 {[%emt 0:00:40]} Nxd2 {[%emt 0:05:30]} 17. Qxd2 {[%emt 0:02:04]} O-O-O {[%emt 0:01:09]} 18. O-O-O {[%emt 0:04:09]} f6 {[%emt 0:01:55]} 19. exf6 {[%emt 0:01:48]} Qxf6 {[%emt 0:00:27]} 20. Rhe1 {[%emt 0:00:29]} g5 {[%emt 0:04:11]} 21. Qe3 {[%emt 0:10:44]} gxf4 {[%emt 0:03:36]} 22. Qxf4 {[%emt 0:04:20]} Qxf4+ {[%emt 0:01:39]} 23. gxf4 {[%emt 0:00:05]} Rhf8 {[%emt 0:00:47]} 24. Bxd5 {[%emt 0:02:26]} Rxf4 {[%emt 0:01:52]} 25. Rd2 {[%emt 0:05:10]} Rf6 {[%emt 0:06:12]} 26. Nc5 {[%emt 0:10:48]} Rdf8 {[%emt 0:02:04]} 27. b4 {[%emt 0:01:43]} Rf1 {[%emt 0:06:25]} 28. Rxf1 {[%emt 0:00:51]} Rxf1+ {[%emt 0:00:06]} 29. Kb2 {[%emt 0:00:11]} Nd8 {[%emt 0:00:37]} 30. Bc4 {[%emt 0:04:20]} Rf4 {[%emt 0:02:42]} 31. Kb3 {[%emt 0:00:40]} c6 {[%emt 0:01:25]} 32. a4 {[%emt 0:01:45]} Bf5 {[%emt 0:02:01]} 33. Bd3 {[%emt 0:02:13]} b6 {[%emt 0:01:00]} 34. Bxf5+ {[%emt 0:00:34]} Rxf5 {[%emt 0:00:04]} 35. Ne4 {[%emt 0:00:21]} Kc7 {[%emt 0:01:15]} 36. Nd6 {[%emt 0:01:08]} Re5 {[%emt 0:00:57]} 37. Nc4 {[%emt 0:00:16]} Re7 {[%emt 0:00:29]} 38. Rg2 {[%emt 0:00:10]} Ne6 {[%emt 0:00:30]} 39. Rg8 {[%emt 0:00:32]} Nf4 {[%emt 0:00:33]} 40. Ra8 {[%emt 0:00:00]} Kb7 {[%emt 0:00:00]} 41. Rf8 {[%emt 0:05:07]} Nd5 {[%emt 0:04:27]} 42. Nd6+ {[%emt 0:01:19]} Kc7 {[%emt 0:00:09]} 43. Nf5 {[%emt 0:00:10]} Rd7 {[%emt 0:00:30]} 44. Kc4 {[%emt 0:03:02]} a6 {[%emt 0:04:22]} 45. a5 {[%emt 0:06:22]} b5+ {[%emt 0:10:30]} 46. Kb3 {[%emt 0:00:14]} c5 {[%emt 0:00:21]} 47. bxc5 {[%emt 0:01:48]} Kc6 {[%emt 0:00:05]} 48. c4 {[%emt 0:05:47]} Ne7 {[%emt 0:04:59]} 49. Kb4 {[%emt 0:04:02]} Nxf5 {[%emt 0:05:00]} 50. cxb5+ {[%emt 0:00:36]} axb5 {[%emt 0:00:14]} 51. Rf6+ {[%emt 0:00:11]} Kc7 {[%emt 0:00:18]} 52. Rxf5 {[%emt 0:00:10]} Rd2 {[%emt 0:00:09]} 53. Rf7+ {[%emt 0:01:45]} Kc6 {[%emt 0:00:06]} 54. Rf6+ {[%emt 0:00:10]} Kc7 {[%emt 0:00:05]} 55. Rh6 {[%emt 0:00:18]} Rb2+ {[%emt 0:00:17]} 56. Kc3 {[%emt 0:01:07]} Ra2 {[%emt 0:00:21]} 57. a6 {[%emt 0:01:12]} Ra4 {[%emt 0:00:17]} 58. Kb3 {[%emt 0:01:23]} Rc4 {[%emt 0:01:30]} 59. Rxh7+ {[%emt 0:03:13]} Kc6 {[%emt 0:02:51]} 60. a7 {[%emt 0:00:06]} Ra4 {[%emt 0:00:03]} 61. h4 {[%emt 0:00:49]} Kxc5 {[%emt 0:00:13]} 62. h5 {[%emt 0:01:13]} Rb4+ {[%emt 0:00:36]} 63. Kc3 {[%emt 0:00:13]} Rc4+ {[%emt 0:00:16]} 64. Kd3 {[%emt 0:00:05]} Rd4+ {[%emt 0:00:25]} 65. Ke3 {[%emt 0:00:05]} Ra4 {[%emt 0:00:30]} 66. h6 {[%emt 0:01:54]} b4 {[%emt 0:00:11]} 67. Kd3 {[%emt 0:00:44]} Ra3+ {[%emt 0:01:35]} 68. Kc2 {[%emt 0:00:07]} 1-0

[Event "3rd Memorial Warakomska 2019"]
[Site "Suwalki"]
[Date "2019.08.09"]
[Round "6.10"]
[White "Tihonov, Jurij"]
[Black "Janik, Igor"]
[Result "1-0"]
[WhiteElo "2393"]
[BlackElo "2495"]
[Annotator "ChessBase"]
[PlyCount "109"]
[EventDate "2019.08.05"]
[EventType "swiss"]
[EventCountry "POL"]
[SourceTitle "playchess.com"]
[Source "ChessBase"]
[SourceQuality "1"]
[TimeControl "40/5400+30:1800+30"]

1. c4 {[%emt 0:00:00]} e5 {[%emt 0:00:00]} 2. Nc3 {[%emt 0:00:00]} Nf6 {[%emt 0:00:07]} 3. Nf3 {[%emt 0:00:15]} Nc6 {[%emt 0:00:10]} 4. e4 {[%emt 0:00:17]} d6 {[%emt 0:01:44]} 5. d4 {[%emt 0:01:02]} Bg4 {[%emt 0:00:40]} 6. d5 {[%emt 0:00:55]} Nd4 {[%emt 0:00:12]} 7. Be2 {[%emt 0:02:44]} Bxf3 {[%emt 0:00:42]} 8. Bxf3 {[%emt 0:00:21]} c5 {[%emt 0:00:11]} 9. dxc6 {[%emt 0:00:45]} bxc6 {[%emt 0:00:15]} 10. Be3 {[%emt 0:05:14]} c5 {[%emt 0:02:05]} 11. O-O {[%emt 0:01:15]} Be7 {[%emt 0:02:04]} 12. Be2 {[%emt 0:05:17]} O-O {[%emt 0:01:49]} 13. Bd3 {[%emt 0:00:12]} Rb8 {[%emt 0:03:45]} 14. Rb1 {[%emt 0:03:51]} Qa5 {[%emt 0:01:26]} 15. Kh1 {[%emt 0:03:53]} Rb7 {[%emt 0:00:26]} 16. Bd2 {[%emt 0:03:24]} Rfb8 {[%emt 0:04:37]} 17. b3 {[%emt 0:02:08]} Qd8 {[%emt 0:00:49]} 18. g3 {[%emt 0:01:06]} Qd7 {[%emt 0:01:16]} 19. Kg2 {[%emt 0:01:36]} Bd8 {[%emt 0:00:26]} 20. Be3 {[%emt 0:17:13]} Ba5 {[%emt 0:03:13]} 21. Nb5 {[%emt 0:11:21]} Qc6 {[%emt 0:05:22]} 22. f3 {[%emt 0:03:03]} a6 {[%emt 0:00:54]} 23. Na3 {[%emt 0:02:43]} h6 {[%emt 0:07:41]} 24. h4 {[%emt 0:02:56]} Bb4 {[%emt 0:02:11]} 25. Nc2 {[%emt 0:00:20]} Bc3 {[%emt 0:00:13]} 26. Bc1 {[%emt 0:04:14]} Qc7 {[%emt 0:08:29]} 27. Rf2 {[%emt 0:01:19]} Qa5 {[%emt 0:02:52]} 28. Ne3 {[%emt 0:03:32]} Re8 {[%emt 0:02:34]} 29. Nf5 {[%emt 0:04:19]} Rd7 {[%emt 0:00:32]} 30. Nxd4 {[%emt 0:01:30]} cxd4 {[%emt 0:01:03]} 31. a3 {[%emt 0:00:54]} Rb8 {[%emt 0:03:38]} 32. b4 {[%emt 0:00:29]} Qd8 {[%emt 0:00:37]} 33. f4 {[%emt 0:00:34]} a5 {[%emt 0:01:09]} 34. fxe5 {[%emt 0:02:29]} dxe5 {[%emt 0:00:20]} 35. Qf3 {[%emt 0:02:01]} Ne8 {[%emt 0:10:57]} 36. c5 {[%emt 0:01:14]} axb4 {[%emt 0:00:37]} 37. Bc4 {[%emt 0:04:47]} Qc7 {[%emt 0:00:40]} 38. axb4 {[%emt 0:02:40]} Rxb4 {[%emt 0:00:34]} 39. Rxb4 {[%emt 0:00:08]} Bxb4 {[%emt 0:00:05]} 40. c6 {[%emt 0:00:00]} Re7 {[%emt 0:00:00]} 41. Qb3 {[%emt 0:14:08]} Bd6 {[%emt 0:05:09]} 42. Bd5 {[%emt 0:00:15]} Nf6 {[%emt 0:01:53]} 43. Rxf6 {[%emt 0:00:40]} gxf6 {[%emt 0:00:19]} 44. Qf3 {[%emt 0:00:11]} Qc8 {[%emt 0:03:47]} 45. Qh5 {[%emt 0:03:57]} Re6 {[%emt 0:01:26]} 46. Bxh6 {[%emt 0:02:57]} Bf8 {[%emt 0:00:10]} 47. Qg4+ {[%emt 0:04:43]} Kh8 {[%emt 0:01:36]} 48. Bxe6 {[%emt 0:02:12]} fxe6 {[%emt 0:00:07]} 49. Bxf8 Qxf8 {[%emt 0:00:01]} 50. Qxe6 {[%emt 0:00:18]} Qd8 {[%emt 0:00:12]} 51. Qd7 {[%emt 0:00:40]} Qa8 {[%emt 0:00:01]} 52. Kh3 {[%emt 0:03:19]} Qa1 {[%emt 0:00:02]} 53. c7 {[%emt 0:01:32]} Qh1+ {[%emt 0:00:04]} 54. Kg4 {[%emt 0:00:04]} Qxe4+ {[%emt 0:00:04]} 55. Kh5 {[%emt 0:00:09]} 1-0